Statistics for World Map with 14 Distorted Countries

Click here to take the quiz!

General Stats

  • This quiz has been taken 183 times
  • The average score is 11 of 14

Answers on the Map

Answers color-coded by a green-red scale on the quiz's map according to % correct below.
 

Answer Stats

Answer% Correct
Spain
93%
Namibia
92%
Poland
92%
Libya
88%
Paraguay
81%
Greece
78%
Iceland
78%
Japan
78%
Cuba
70%
Papua New Guinea
65%
Latvia
61%
Nicaragua
61%
Syria
61%
Suriname
54%

Score Distribution

Percentile by Number Answered

Percent of People with Each Score

Your Score History

You have not taken this quiz